TOP 5 NEW CHARACTERS SHOWN IN STAR WARS THE FORCE AWAKENS - Statistics

General Stats
  • This quiz has been taken 304 times
  • The average score is 5 of 5
Answer Stats
Hint Answer % Correct
Scavenger on Jakku Rey
99%
Former Stormtrooper Turned Good Finn
98%
Han Solo's Son Kylo Ren
97%
The "Big" Bad Boss Snoke
86%
One of the Best Pilots in the Galaxy Poe Dameron
85%
No matching quizzes found
Score Distribution
Percent of People with Each Score
Percentile by Number Answered
Your Score History
You have not taken this quiz